El sanitario ecológico seco : (Record no. 20789)

MARC details
000 -CABECERA
campo de control de longitud fija 01190nam a2200253 4500
003 - IDENTIFICADOR DEL NÚMERO DE CONTROL
campo de control OSt
005 - FECHA Y HORA DE LA ÚLTIMA TRANSACCIÓN
campo de control 20260601171018.0
008 - DATOS DE LONGITUD FIJA--INFORMACIÓN GENERAL
campo de control de longitud fija 260508b1993\\\\mx\|||||\||||\00|\0\spa\d
040 ## - FUENTE DE LA CATALOGACIÓN
Centro catalogador/agencia de origen ICI
Lengua de catalogación spa
Centro/agencia transcriptor ICI
Normas de descripción rda
050 #0 - SIGNATURA TOPOGRÁFICA DE LA BIBLIOTECA DEL CONGRESO
Número de clasificación TD775
Número de documento/Ítem S26 1993
100 ## - ENTRADA PRINCIPAL--NOMBRE DE PERSONA
Término indicativo de función/relación autor
245 #1 - MENCIÓN DE TÍTULO
Título El sanitario ecológico seco :
Resto del título manual de tecnología apropiada al medio rural /
Mención de responsabilidad, etc. {dollar}c Centro de Innovación Tecnológica.
264 ## - PRODUCCIÓN, PUBLICACIÓN, DISTRIBUCIÓN, FABRICACIÓN Y COPYRIGHT
Producción, publicación, distribución, fabricación y copyright México :
Nombre del de productor, editor, distribuidor, fabricante [Editorial no identificada],
Fecha de producción, publicación, distribución, fabricación o copyright 1993.
300 ## - DESCRIPCIÓN FÍSICA
Extensión 1 volumen
Otras características físicas ilustraciones
336 ## - TIPO DE CONTENIDO
Fuente rdacontent
Término de tipo de contenido texto
337 ## - TIPO DE MEDIO
Fuente rdamedia
Nombre/término del tipo de medio sin medio
338 ## - TIPO DE SOPORTE
Fuente rdacarrier
Nombre/término del tipo de soporte volumen
490 #0 - MENCIÓN DE SERIE
Mención de serie Manual de tecnología apropiada al medio rural
Designación de volumen o secuencia no. 3
500 ## - NOTA GENERAL
Nota general Describe el diseño, construcción y mantenimiento de sanitarios que no requieren agua para su funcionamiento, enfocados en la sostenibilidad rural.Describe el diseño, construcción y mantenimiento de sanitarios que no requieren agua para su funcionamiento, enfocados en la sostenibilidad rural.
650 ## - PUNTO DE ACCESO ADICIONAL DE MATERIA--TÉRMINO DE MATERIA
Término de materia o nombre geográfico como elemento de entrada Sanitarios secos
Subdivisión de forma Manuales.
9 (RLIN) 34326
650 ## - PUNTO DE ACCESO ADICIONAL DE MATERIA--TÉRMINO DE MATERIA
Término de materia o nombre geográfico como elemento de entrada Saneamiento rural
Subdivisión general Tecnología apropiada.
9 (RLIN) 34327
650 ## - PUNTO DE ACCESO ADICIONAL DE MATERIA--TÉRMINO DE MATERIA
Término de materia o nombre geográfico como elemento de entrada Letrinas
Subdivisión general Diseño y construcción
9 (RLIN) 34328
942 ## - ELEMENTOS DE PUNTO DE ACCESO ADICIONAL (KOHA)
Fuente del sistema de clasificación o colocación Library of Congress Classification
Suprimir en OPAC 1
Tipo de ítem Koha Libros

No items available.